BASIC PRINCIPLES OF NUTRITION (Record no. 10656)
[ view plain ]
| 000 -LEADER | |
|---|---|
| fixed length control field | 00396cam a2200169ua 4500 |
| 008 - FIXED-LENGTH DATA ELEMENTS--GENERAL INFORMATION | |
| fixed length control field | 151117n1997 II |||gr||||Z||||||eng |
| 040 ## - CATALOGING SOURCE | |
| Original cataloging agency | MAIN |
| 041 ## - LANGUAGE CODE | |
| -- | English |
| 082 ## - DEWEY DECIMAL CLASSIFICATION NUMBER | |
| Classification number | 613.2 YAD |
| 100 ## - MAIN ENTRY--PERSONAL NAME | |
| Personal name | YADAV, SEEMA. |
| 245 ## - TITLE STATEMENT | |
| Title | BASIC PRINCIPLES OF NUTRITION |
| 260 ## - PUBLICATION, DISTRIBUTION, ETC. | |
| Place of publication, distribution, etc. | NEW DELHI |
| Name of publisher, distributor, etc. | ANMOL PUBLICATION |
| Date of publication, distribution, etc. | 1997 |
| 300 ## - PHYSICAL DESCRIPTION | |
| Extent | 292.: |
| Dimensions | 21CM. |
| 942 ## - ADDED ENTRY ELEMENTS (KOHA) | |
| Koha item type | Books |
| 653 ## - INDEX TERM--UNCONTROLLED | |
| Uncontrolled term | Nutrition |
| Withdrawn status | Lost status | Damaged status | Not for loan | Collection code | Home library | Current library | Shelving location | Date acquired | Total Checkouts | Full call number | Barcode | Date last seen | Date last checked out | Copy number | Price effective from | Koha item type | Public note |
|---|---|---|---|---|---|---|---|---|---|---|---|---|---|---|---|---|---|
| TBHMSC | Central Library and Information Centre Sibsagar Girls College | Central Library and Information Centre Sibsagar Girls College | HOMESCIENCE BOOK RACK | 24.04.2002 | 1 | 613.2 YAD | 17283 | 30.11.2023 | 17.11.2023 | 1 | 27.02.2020 | Books | V |